[Event "Titled Tuesday intern op 02nd Apr Early"]
[Site "Chess.com INT"]
[Date "2024.04.02"]
[Round "11"]
[White "Bambino Filho, Antonio Carlos"]
[Black "Bournel, Antoine"]
[Result "1-0"]
[WhiteElo "2169"]
[BlackElo "2329"]
[PlyCount "53"]
[EventDate "2024.04.02"]
[EventType "swiss (blitz)"]
[EventRounds "11"]
[EventCountry "USA"]
[SourceTitle "CB15_2024"]
[SourceDate "2024.04.10"]
[SourceVersion "1"]
[SourceVersionDate "2024.04.10"]
[SourceQuality "1"]

1. d4 Nf6 2. c4 b6 3. f3 e6 4. e4 d5 5. cxd5 exd5 6. e5 Ng8 7. f4 Ne7 8. Nf3 Bf5 9. Bd3 Qd7 10. 0-0 Nbc6 11. Nc3 h6 12. Be3 0-0-0 13. Ba6+ Kb8 14. a3 Na5 15. Rc1 Rg8 16. Nd2 g5 17. b4 gxf4 18. Rxf4 Nac6 19. Bb5 Qe6 20. Qa4 Bh3 21. g3 Nf5 22. Rxf5 Qxf5 23. Bxc6 Qd3 24. Bf4 Qxd4+ 25. Kh1 a6 26. Qxa6 Bc8 27. Qa8# 1-0

[Event "Titled Tuesday intern op 02nd Apr Early"]
[Site "Chess.com INT"]
[Date "2024.04.02"]
[Round "9"]
[White "Sonis, Francesco"]
[Black "Bournel, Antoine"]
[Result "1-0"]
[WhiteElo "2562"]
[BlackElo "2329"]
[PlyCount "83"]
[EventDate "2024.04.02"]
[EventType "swiss (blitz)"]
[EventRounds "11"]
[EventCountry "USA"]
[SourceTitle "CB15_2024"]
[SourceDate "2024.04.10"]
[SourceVersion "1"]
[SourceVersionDate "2024.04.10"]
[SourceQuality "1"]

1. d4 e6 2. Bf4 b6 3. e3 Bb7 4. c4 d6 5. Nc3 Nd7 6. Nf3 g6 7. h3 Bg7 8. Bh2 Ne7 9. Be2 0-0 10. 0-0 h6 11. b4 a5 12. bxa5 Rxa5 13. a4 e5 14. Qc2 exd4 15. Nxd4 Nc5 16. Rfd1 Nc6 17. Ndb5 Ne5 18. Nd5 c6 19. Ndc3 cxb5 20. Nxb5 Qg5 21. Bg3 Be4 22. Qa2 Ned3 23. Bxd3 Nxd3 24. Rab1 Be5 25. Kh2 h5 26. f4 Nxf4 27. exf4 Bxf4 28. Rb3 h4 29. Bxf4 Qxf4+ 30. Kh1 Rfa8 31. Ra3 d5 32. cxd5 Rxb5 33. axb5 Rxa3 34. Qxa3 Qf2 35. Rg1 Bxd5 36. Qd3 Qc5 37. Rd1 Be6 38. Qd8+ Kg7 39. Qxh4 Qxb5 40. Qd4+ Kh7 41. Qf6 Qg5 42. Qxg5 1-0

[Event "Basel Easter op"]
[Site "Basel"]
[Date "2024.03.31"]
[Round "6"]
[White "Sakthivel, Heamish Kanha"]
[Black "Bournel, Antoine"]
[Result "1/2-1/2"]
[WhiteElo "2064"]
[BlackElo "2332"]
[PlyCount "44"]
[EventDate "2024.03.28"]
[EventType "swiss"]
[EventRounds "9"]
[EventCountry "SUI"]
[SourceTitle "CB14_2024"]
[SourceDate "2024.04.01"]
[SourceVersion "1"]
[SourceVersionDate "2024.04.01"]
[SourceQuality "1"]

1. e4 c6 2. d4 d5 3. Nd2 dxe4 4. Nxe4 Bf5 5. Ng3 Bg6 6. h4 h6 7. Nf3 Nd7 8. h5 Bh7 9. Bd3 Bxd3 10. Qxd3 e6 11. Bd2 Be7 12. 0-0-0 Ngf6 13. Qe2 0-0 14. Nf1 c5 15. g4 cxd4 16. g5 Nd5 17. gxh6 Qb6 18. Rg1 Ba3 19. bxa3 Nc3 20. Bxc3 dxc3 21. Rxg7+ Kh8 22. Rh7+ Kg8 1/2-1/2

[Event "Nancy Rapid op 22nd"]
[Site "Meurthe et Moselle"]
[Date "2024.02.18"]
[Round "1"]
[White "Abdou, Mohamed"]
[Black "Bournel, Antoine"]
[Result "0-1"]
[WhiteElo "1590"]
[BlackElo "2332"]
[PlyCount "62"]
[EventDate "2024.02.18"]
[EventType "swiss (rapid)"]
[EventRounds "9"]
[EventCountry "FRA"]
[SourceTitle "CB08_2024"]
[SourceDate "2024.02.21"]
[SourceVersion "1"]
[SourceVersionDate "2024.02.21"]
[SourceQuality "1"]

1. d4 Nf6 2. Bg5 d5 3. c4 dxc4 4. e3 c5 5. Bxc4 cxd4 6. Bxf6 exf6 7. Qxd4 Qxd4 8. exd4 Nc6 9. Nf3 Bb4+ 10. Nc3 Bg4 11. d5 Bxf3 12. gxf3 Nd4 13. 0-0-0 Nxf3 14. Bb5+ Kd8 15. a3 Bxc3 16. bxc3 Rc8 17. Kb2 Rc5 18. Be2 Ne5 19. Rd4 Re8 20. Rhd1 Nd7 21. Bd3 g6 22. f4 Re3 23. c4 Ke7 24. Rd2 Kd6 25. Kc3 Rc8 26. Re4 Rxe4 27. Bxe4 Nb6 28. Rd4 Re8 29. Kd3 Na4 30. Bf3 Nc5+ 31. Kc2 Re3 0-1

[Event "Nancy Rapid op 22nd"]
[Site "Meurthe et Moselle"]
[Date "2024.02.18"]
[Round "4"]
[White "Bournel, Antoine"]
[Black "Bruned, Boris"]
[Result "0-1"]
[WhiteElo "2332"]
[BlackElo "2133"]
[PlyCount "110"]
[EventDate "2024.02.18"]
[EventType "swiss (rapid)"]
[EventRounds "9"]
[EventCountry "FRA"]
[SourceTitle "CB08_2024"]
[SourceDate "2024.02.21"]
[SourceVersion "1"]
[SourceVersionDate "2024.02.21"]
[SourceQuality "1"]

1. d4 b6 2. e4 Bb7 3. Bd3 e6 4. Nf3 d5 5. e5 c5 6. c3 Qc8 7. h4 Ba6 8. h5 Bxd3 9. Qxd3 h6 10. Bf4 Qa6 11. Ke2 Qxd3+ 12. Kxd3 Nc6 13. Nbd2 cxd4 14. cxd4 Bb4 15. Nf1 b5 16. Ne3 Nge7 17. Rac1 Kd7 18. g4 f6 19. Bg3 Ba5 20. a3 Bb6 21. Rhe1 a5 22. Ng2 f5 23. Ne3 fxg4 24. Nxg4 Nf5 25. Bf4 Ncxd4 26. Nd2 Rac8 27. Rb1 a4 28. Rg1 Rc2 29. Ne3 Rxd2+ 30. Kxd2 Nf3+ 31. Kd3 Bxe3 32. fxe3 Nxg1 33. Rxg1 Rc8 34. Rf1 Rc4 35. Rb1 Kc6 36. Rg1 b4 37. axb4 Rxb4 38. Kc2 Rb3 39. Re1 Kb5 40. e4 dxe4 41. Rxe4 Rb4 42. Rxb4+ Kxb4 43. Bh2 Kc4 44. Kb1 Kb3 45. Bf4 Ne7 46. Be3 g6 47. hxg6 Nxg6 48. Bxh6 Nxe5 49. Bg7 Nc4 50. Kc1 e5 51. Bf6 e4 52. Bd4 e3 53. Bf6 e2 54. Bh4 Nxb2 55. Kd2 a3 0-1

[Event "Nancy Rapid op 22nd"]
[Site "Meurthe et Moselle"]
[Date "2024.02.18"]
[Round "3"]
[White "Dillenschneider, Ernesto"]
[Black "Bournel, Antoine"]
[Result "0-1"]
[WhiteElo "2109"]
[BlackElo "2332"]
[PlyCount "62"]
[EventDate "2024.02.18"]
[EventType "swiss (rapid)"]
[EventRounds "9"]
[EventCountry "FRA"]
[SourceTitle "CB08_2024"]
[SourceDate "2024.02.21"]
[SourceVersion "1"]
[SourceVersionDate "2024.02.21"]
[SourceQuality "1"]

1. e4 c6 2. Nf3 d5 3. Nc3 Bg4 4. h3 Bxf3 5. Qxf3 e6 6. d4 Nf6 7. Be3 Bb4 8. exd5 cxd5 9. Bb5+ Nbd7 10. 0-0 0-0 11. Ne2 Rc8 12. c3 Bd6 13. Bf4 Bxf4 14. Nxf4 Qb6 15. Qe2 Qd6 16. Nd3 Ne4 17. Ne5 Nxe5 18. dxe5 Qb6 19. Kh2 f6 20. Bd3 Qc7 21. f4 fxe5 22. Bxe4 dxe4 23. Qxe4 exf4 24. Qxe6+ Kh8 25. Rf3 Rce8 26. Qb3 Re2 27. Raf1 h6 28. Qb4 Rf6 29. Kh1 Qc6 30. R1f2 Re4 31. Qa5 Re1+ 0-1

[Event "Titled Tuesday intern op 13th Feb Early"]
[Site "Chess.com INT"]
[Date "2024.02.13"]
[Round "7"]
[White "Bournel, Antoine"]
[Black "Mirzoev, Azer"]
[Result "0-1"]
[WhiteElo "2332"]
[BlackElo "2447"]
[PlyCount "80"]
[EventDate "2024.02.13"]
[EventType "swiss (blitz)"]
[EventRounds "11"]
[EventCountry "USA"]
[SourceTitle "CB08_2024"]
[SourceDate "2024.02.21"]
[SourceVersion "1"]
[SourceVersionDate "2024.02.21"]
[SourceQuality "1"]

1. d4 d5 2. c4 e6 3. Nc3 c6 4. Qd3 f5 5. Bf4 Nf6 6. Nf3 Be7 7. e3 0-0 8. Qc2 Ne4 9. Bd3 Nd7 10. Ne5 Nxe5 11. Bxe5 Bd6 12. Bxd6 Qxd6 13. c5 Qe7 14. f4 b6 15. b4 a5 16. Bxe4 fxe4 17. Na4 axb4 18. Nxb6 Ra3 19. 0-0 Rxe3 20. Qd2 Rc3 21. Rfc1 Ba6 22. Rxc3 bxc3 23. Qxc3 Rxf4 24. Qa5 Qf6 25. h3 Qxd4+ 26. Kh2 Qxa1 27. Qxa6 h6 28. Nd7 Qf1 29. Qxc6 Rf2 30. Qxe6+ Kh7 31. Qg4 e3 32. Ne5 Rf6 33. c6 e2 34. Nd3 e1Q 35. Nxe1 Qxe1 36. Qd7 Qe5+ 37. Kg1 Qd4+ 38. Kh2 Qf4+ 39. Kg1 Qc1+ 40. Kh2 Qxc6 0-1

[Event "Titled Tuesday intern op 13th Feb Early"]
[Site "Chess.com INT"]
[Date "2024.02.13"]
[Round "5"]
[White "Gordon, David"]
[Black "Bournel, Antoine"]
[Result "0-1"]
[WhiteElo "2031"]
[BlackElo "2332"]
[PlyCount "80"]
[EventDate "2024.02.13"]
[EventType "swiss (blitz)"]
[EventRounds "11"]
[EventCountry "USA"]
[SourceTitle "CB08_2024"]
[SourceDate "2024.02.21"]
[SourceVersion "1"]
[SourceVersionDate "2024.02.21"]
[SourceQuality "1"]

1. d4 d5 2. c4 e6 3. Nc3 a6 4. cxd5 exd5 5. Nf3 h6 6. Bf4 Nf6 7. e3 Bd6 8. Bxd6 Qxd6 9. Bd3 0-0 10. 0-0 Nc6 11. Qe2 Re8 12. Rfc1 Bg4 13. h3 Nxd4 14. hxg4 Nxe2+ 15. Bxe2 Nxg4 16. Rd1 c6 17. Rd2 Rad8 18. Rad1 Qf6 19. Na4 h5 20. b4 h4 21. Nc5 Re7 22. a4 Rde8 23. b5 axb5 24. axb5 g6 25. bxc6 bxc6 26. Rd4 Re4 27. Nxe4 dxe4 28. Rd6 Re6 29. Rxe6 fxe6 30. Nd4 Qxf2+ 31. Kh1 h3 32. Rg1 h2 33. Rf1 Qxe3 34. Bxg4 Qxd4 35. Bxe6+ Kg7 36. Bg4 e3 37. Bf3 c5 38. Kxh2 e2 39. Bxe2 Qe5+ 40. Kg1 Qxe2 0-1

[Event "Titled Tuesday intern op 06th Feb Early"]
[Site "Chess.com INT"]
[Date "2024.02.06"]
[Round "4"]
[White "Bournel, Antoine"]
[Black "Jakubowska, Anna"]
[Result "1-0"]
[WhiteElo "2332"]
[BlackElo "2139"]
[PlyCount "89"]
[EventDate "2024.02.06"]
[EventType "swiss (blitz)"]
[EventRounds "11"]
[EventCountry "USA"]
[SourceTitle "CB07_2024"]
[SourceDate "2024.02.14"]
[SourceVersion "1"]
[SourceVersionDate "2024.02.14"]
[SourceQuality "1"]

1. d4 f5 2. Bf4 Nf6 3. e3 g6 4. Nf3 Bg7 5. Bc4 d5 6. Bd3 c6 7. h4 h6 8. c4 Ng4 9. Nc3 Be6 10. Qb3 Qb6 11. c5 Qxb3 12. axb3 0-0 13. b4 Nd7 14. b5 Rfc8 15. bxc6 bxc6 16. Ba6 Rf8 17. Bb7 Rad8 18. Bxc6 Ndf6 19. Rxa7 Ne4 20. Rxe7 Nexf2 21. Rf1 Nd3+ 22. Kd2 Nxf4 23. exf4 Bf7 24. Ne5 Bf6 25. Rxf7 Rxf7 26. Nxf7 Kxf7 27. Kd3 Bxh4 28. b4 Nf2+ 29. Rxf2 Bxf2 30. b5 Bg3 31. Nxd5 g5 32. fxg5 hxg5 33. b6 g4 34. Ne3 Kf6 35. b7 Bb8 36. d5 Kg5 37. d6 f4 38. Nc4 f3 39. gxf3 g3 40. f4+ Kxf4 41. Bg2 Rh8 42. c6 Kf5 43. c7 Ke6 44. c8Q+ Rxc8 45. bxc8Q+ 1-0

[Event "Titled Tuesday intern op 06th Feb Early"]
[Site "Chess.com INT"]
[Date "2024.02.06"]
[Round "1"]
[White "Bournel, Antoine"]
[Black "Vincenti, Leonardo"]
[Result "1-0"]
[WhiteElo "2332"]
[BlackElo "2085"]
[PlyCount "45"]
[EventDate "2024.02.06"]
[EventType "swiss (blitz)"]
[EventRounds "11"]
[EventCountry "USA"]
[SourceTitle "CB07_2024"]
[SourceDate "2024.02.14"]
[SourceVersion "1"]
[SourceVersionDate "2024.02.14"]
[SourceQuality "1"]

1. d4 Nf6 2. Nf3 e6 3. c4 d5 4. Nc3 c6 5. cxd5 exd5 6. Qc2 Bd6 7. Bg5 0-0 8. e3 h6 9. Bh4 Be6 10. Bd3 Nbd7 11. 0-0 Re8 12. Rab1 a5 13. a3 Qc7 14. Rfc1 Rec8 15. b4 axb4 16. axb4 b5 17. Bg3 Bxg3 18. hxg3 Nb6 19. Nxb5 Qd7 20. Ne5 Qe8 21. Nd6 Qf8 22. Nxc8 Rxc8 23. Qc5 1-0

[Event "Titled Tuesday intern op 06th Feb Early"]
[Site "Chess.com INT"]
[Date "2024.02.06"]
[Round "3"]
[White "Khakhinov, Ilya"]
[Black "Bournel, Antoine"]
[Result "1-0"]
[WhiteElo "2236"]
[BlackElo "2332"]
[PlyCount "115"]
[EventDate "2024.02.06"]
[EventType "swiss (blitz)"]
[EventRounds "11"]
[EventCountry "USA"]
[SourceTitle "CB07_2024"]
[SourceDate "2024.02.14"]
[SourceVersion "1"]
[SourceVersionDate "2024.02.14"]
[SourceQuality "1"]

1. e4 c5 2. Nf3 a6 3. c4 Nc6 4. Nc3 Nf6 5. d4 cxd4 6. Nxd4 e6 7. Be3 Bb4 8. Bd3 Qc7 9. 0-0 0-0 10. a3 Bxc3 11. bxc3 Ne5 12. Qe2 d6 13. Bg5 Nfd7 14. f4 Nxd3 15. Qxd3 b6 16. Rf3 Bb7 17. f5 Ne5 18. Qe2 Nxf3+ 19. gxf3 e5 20. Nc2 f6 21. Bh4 Rfc8 22. Ne3 b5 23. Qg2 Kh8 24. Rb1 Rab8 25. Ng4 Rf8 26. cxb5 axb5 27. Rxb5 Qxc3 28. Rb1 Ba6 29. Rd1 Qxa3 30. Qd2 Qxf3 31. Nf2 Rfd8 32. Rc1 Qf4 33. Qxf4 exf4 34. Nh3 f3 35. Kf2 Be2 36. Bg3 Rb2 37. Ng1 Re8 38. Bxd6 h6 39. Nxf3 Rxe4 40. Ne1 Kh7 41. Ng2 Bd1+ 42. Kg3 Bh5 43. Nf4 Bf7 44. Rc7 Re3+ 45. Kh4 Bb3 46. Ng6 Rxh2+ 47. Bxh2 Bd1 48. Rc8 Re4+ 49. Bf4 Rxf4+ 50. Nxf4 g5+ 51. fxg6+ Kg7 52. Rc7+ Kg8 53. Rf7 Bc2 54. Rxf6 h5 55. Kxh5 Bb3 56. Kh6 Bd5 57. Nxd5 Kh8 58. Rf8# 1-0

[Event "Titled Tuesday intern op 16th Jan Early"]
[Site "Chess.com INT"]
[Date "2024.01.16"]
[Round "10"]
[White "Bournel, Antoine"]
[Black "Osinovsky, Stepan"]
[Result "1-0"]
[WhiteElo "2324"]
[BlackElo "2241"]
[PlyCount "87"]
[EventDate "2024.01.16"]
[EventType "swiss (blitz)"]
[EventRounds "11"]
[EventCountry "USA"]
[SourceTitle "CB04_2024"]
[SourceDate "2023.10.16"]
[SourceVersion "1"]
[SourceVersionDate "2023.10.16"]
[SourceQuality "1"]

1. d4 Nf6 2. c4 g6 3. Nc3 Bg7 4. e4 0-0 5. Be2 d6 6. h4 e5 7. d5 Na6 8. h5 Nc5 9. h6 Bh8 10. Bg5 a5 11. Qc2 Bd7 12. f3 c6 13. Nh3 cxd5 14. cxd5 a4 15. Be3 Nh5 16. g4 Ng3 17. Rg1 Nxe2 18. Qxe2 b5 19. Nf2 b4 20. Ncd1 Qa5 21. Nd3 Bb5 22. Bxc5 dxc5 23. Qd2 Rfc8 24. Ne3 Qa6 25. Rd1 Bxd3 26. Qxd3 c4 27. Qe2 Bf6 28. d6 Bg5 29. Nf5 Rd8 30. Ne7+ Kf8 31. Nd5 Rxd6 32. Kf2 Qa7+ 33. Kg2 Qc5 34. Qe1 b3 35. a3 Rad8 36. Qc3 Bxh6 37. Qxe5 Bg7 38. Qe7+ Kg8 39. Rh1 Rxd5 40. Qxc5 Rxc5 41. Rxd8+ Bf8 42. Rc1 Kg7 43. Rd4 c3 44. bxc3 1-0

[Event "Titled Tuesday intern op 09th Jan Early"]
[Site "Chess.com INT"]
[Date "2024.01.09"]
[Round "2"]
[White "Bournel, Antoine"]
[Black "Kuzubov, Yuriy"]
[Result "1/2-1/2"]
[WhiteElo "2324"]
[BlackElo "2605"]
[PlyCount "134"]
[EventDate "2024.01.09"]
[EventType "swiss (blitz)"]
[EventRounds "11"]
[EventCountry "USA"]
[SourceTitle "CB03_2024"]
[SourceDate "2024.01.17"]
[SourceVersion "1"]
[SourceVersionDate "2024.01.17"]
[SourceQuality "1"]

1. d4 Nf6 2. Nf3 e6 3. c4 d5 4. Nc3 Nbd7 5. cxd5 exd5 6. Bg5 c6 7. Qc2 h6 8. Bh4 g5 9. Bg3 Nh5 10. 0-0-0 Nxg3 11. hxg3 Nb6 12. e4 Be6 13. Bd3 Qf6 14. e5 Qg7 15. Kb1 0-0-0 16. Rc1 Kb8 17. Ka1 Rc8 18. Na4 Nxa4 19. Qxa4 c5 20. dxc5 Bxc5 21. Rc2 Bb6 22. Re2 Rc7 23. a3 Rhc8 24. Kb1 Qg8 25. Qb4 Ka8 26. Rd1 Bc5 27. Qa5 g4 28. Nd2 Bb6 29. Qa4 h5 30. Nb3 Qg5 31. Qf4 Qxf4 32. gxf4 d4 33. Nd2 Rg8 34. Rh1 g3 35. f3 Rgc8 36. f5 Bd5 37. Ne4 Bxe4 38. Rxe4 a6 39. Ree1 Rh8 40. Rh4 Rc5 41. f4 f6 42. exf6 Bd8 43. Re6 Rc6 44. Be2 Bxf6 45. Rxh5 Rxh5 46. Bxh5 Kb8 47. Rxc6 bxc6 48. Kc2 Kc7 49. Kd3 Kd6 50. Kc4 a5 51. b4 axb4 52. axb4 Kc7 53. b5 cxb5+ 54. Kxb5 Kd6 55. Kc4 Bd8 56. Bf3 Ke7 57. Kxd4 Kf6 58. Ke4 Bb6 59. Be2 Bf2 60. Bd3 Be1 61. Kf3 Bf2 62. Kg4 Be1 63. Be4 Bf2 64. Bd5 Be1 65. Be6 Bf2 66. Kf3 Be1 67. Kg4 Bf2 1/2-1/2